United Nations & Global Conflicts/ (Record no. 211426)
[ view plain ]
| 000 -LEADER | |
|---|---|
| fixed length control field | 00599nam a22001937a 4500 |
| 005 - DATE AND TIME OF LATEST TRANSACTION | |
| control field | 20250528123018.0 |
| 010 ## - LCCN (DPL NO) | |
| LC control number | ENG-144990 |
| 020 ## - INTERNATIONAL STANDARD BOOK NUMBER | |
| Terms of availability | 625.00 |
| International Standard Book Number | 9789389848638 |
| 035 ## - SYSTEM CONTROL NUMBER | |
| System control number | EN-128522 |
| 037 ## - SOURCE OF ACQUISITION | |
| Source of stock number/acquisition | DBAD |
| 082 ## - DEWEY DECIMAL CLASSIFICATION NUMBER | |
| Classification number | 634.95 |
| 245 ## - TITLE STATEMENT | |
| Title | United Nations & Global Conflicts/ |
| Statement of responsibility, etc | Edited By Vijay Kumar Verma |
| 250 ## - EDITION STATEMENT | |
| Edition statement | (Rep) |
| 260 ## - PUBLICATION, DISTRIBUTION, ETC. (IMPRINT) | |
| Place of publication, distribution, etc | New Delhi |
| Name of publisher, distributor, etc | Pinnacle Learning |
| Date of publication, distribution, etc | 2023 |
| 270 ## - ADDRESS | |
| City | New Delhi |
| Address | 24, D.D.A Shopping Complex Ber Sarai, |
| Postal code | 110016 |
| Telephone number | 65664085 |
| Electronic mail address | pinnaclelearning@hotmail.com |
| 300 ## - PHYSICAL DESCRIPTION | |
| Extent | 421p. |
| Dimensions | 21cm(pb) |
| 700 ## - ADDED ENTRY--PERSONAL NAME | |
| 9 (RLIN) | 75509 |
| 942 ## - ADDED ENTRY ELEMENTS (KOHA) | |
| Source of classification or shelving scheme | Dewey Decimal Classification |
| Item type | English Books |
| Classification part | 634.95 |
| Call number suffix | UNI |
| Withdrawn status | Lost status | Not for loan | Collection code | Home library | Current library | Date acquired | Source of acquisition | Cost, normal purchase price | Full call number | Barcode | Copy number | Cost, replacement price | Koha item type |
|---|---|---|---|---|---|---|---|---|---|---|---|---|---|
| Non-fiction | New Police Line | New Police Line | 28/05/2025 | Delivery of Books Act Division | 625.00 | 634.95 UNI | EN-128522 | 1 | 625.00 | English Books |
